000 00472nam a2200121 4500
008 240327b |||||||| |||| 00| 0 eng d
022 _a2349-3003
245 _aInstitutionalised children explorations and beyond:
_bA Journal On Alternative Care/
260 _a New Delhi
_bSage publication india pvt. Ltd.
_c2023
270 _aB-1/I-1 Mohan cooperative Industrial Area , Mathura Road
_bNew Delhi
_dIndia
_e110044
300 _aVol 10, No 1
_c24cm
942 _2ddc
_cSR
_mINS
_s1
999 _c201808
_d201808